ZDZiT Olsztyn - tramwaj nr 3 - Statystyki

Ogólne statystyki
  • Ten quiz został rozwiązany 25 razy
  • Średni wynik to 10 z 11
Statystyki odpowiedzi
Odpowiedź % Poprawnych
Dworzec Główny
95%
Dywizjonu 303
95%
Filharmonia
95%
Kętrzyńskiego
95%
Skwer Wakara
95%
Szpital Wojewódzki
95%
Galeria Warmińska
89%
Pstrowskiego Sikorskiego
84%
Uniwersytet Pływalnia
84%
Uniwersytet Prawocheńskiego
79%
Pozorty
74%
Nie znaleziono quizów pasujących do podanych kryteriów
Rozkład punktacji
Procent ludzi z każdym wynikiem
Percentyl według liczby udzielonych odpowiedzi
Twoja historia wyników
Nie rozwiązałeś tego quizu